Introduction to simulation and slam

Kaydedildi:
Detaylı Bibliyografya
Asıl Yazarlar: Pritsker, A. Alan (Yazar), Pegden, Claude Dennis (Yazar)
Materyal Türü: Kitap
Dil:İngilizce
Baskı/Yayın Bilgisi: Nueva York John Wiley & Sons 1980
Konular:
Etiketler: Etiketle
Etiket eklenmemiş, İlk siz ekleyin!

MARC

LEADER 00000nam a2200000 a 4500
001 UCQ8790
003 CL-VaPUC
008 981217e19800000US |||||||||||||||||eng|d
082 0 4 |a 003.3  |b PRI  |2 21 
100 0 |a Pritsker, A. Alan  |e author  |9 423009 
700 0 |a Pegden, Claude Dennis  |e author  |9 423010 
245 1 0 |a Introduction to simulation and slam 
300 |a 588 p 
942 |c BK 
945 |d 19981217 00:00:00  |a crobeson 
260 |a Nueva York  |b John Wiley & Sons  |c 1980 
500 |a p.1: capítulos 1 al 7 
500 |a p.2. capítulos 8 al 14 
650 0 |a Lenguajes de programación   |9 259458 
650 0 |a Computadores  |9 258188 
650 0 |a Simulación por computador  |9 260988 
650 7 |a METODOS DE SIMULACION  |2 CL-VaPUC  |9 260497 
650 0 |a Computadores  |9 258188 
583 |a last modification  |c 19981217 00:00:00  |k Rodrigo Vera 
999 |c 277966  |d 277964